| 000 | 00540nam a22001937a 4500 | ||
|---|---|---|---|
| 005 | 20230209072438.0 | ||
| 008 | 230209b |||||||| |||| 00| 0 eng d | ||
| 020 | _a0-7515-1667-8 | ||
| 082 | _aFic. B635 1996 | ||
| 100 |
_aBlair, Emma _eauthor |
||
| 245 |
_aHester Dark / _cEmma Blair |
||
| 260 |
_aLondon: _bWarner Books, _cc1996. |
||
| 300 | _a368p. | ||
| 541 | _e5552 | ||
| 650 | _aGlasgow (Scotland) - Fiction | ||
| 650 | _aDark, Hester (Fictitious character) - Fiction | ||
| 650 | _aWomen - Fiction | ||
| 650 | _aLove stories | ||
| 999 |
_c1031 _d1031 |
||